01331nam a22003377a 4500003000500000005001700005008004100022010001000063011001000073020001500083035001100098040000900109082001800118100003000136245009600166260004700262300003800309490005200347590004100399590004100440590004200481650004700523650005000570650004800620830006000668901000700728942001000735949008600745999001700831952014500848CHAP20220329143342.0081118s2004 us r 00010 eng d a95393 a96365 a0821356688 a107017 cCHAP04a305.0972bD361 aDe Ferranti, David93138710aInequality in Latin America :bbreaking with historyc/by David de Ferranti ...[and others] aWashington, D.C. :bThe World Bank,cc2004 axii, 380 p. :bgráfs. ; cuadros 0aWorld Bank Latin American and Caribbean studies aBATCH-UPDb10c20130110lUCH01h0538 aBATCH-UPDb10c20130410lUCH01h0219 aCONVERSIONb10c20130109lUCH01h135314aAmerica LatinaxAspectos economicos.9538514aAmerica LatinaxCondiciones economicas.9539014aAmerica LatinaxCondiciones sociales.95395 0aWorld Bank Latin American and Caribbean studies9122693 aBK cLIBRO a305.0972 D36bBCcLIBROd33724002068941eLIBROgI.c/eh109861i107017sbt$308.00 c95393d95393 00102ddc4052708GRALaBCbBCcPA_GRALd2019-12-31eI.c/efLIBROl0o305.0972 D36p33724002068941r2019-12-31 00:00:00w2019-12-31yLIBRO